Named TV Shows Quiz Stats

 Plays Quiz Updated Aug 3, 2018

Score 0/32 Timer 07:00
3 Plays Today
Years On Show % Correct
1996-2005Everybody Loves Raymond
89.8%
2006-2011Hannah Montana
87.4%
1988-1997Roseanne
85.1%
1997-2003Buffy the Vampire Slayer
79.2%
1951-1960I Love Lucy
79.2%
1993-2004Frasier
75.8%
2000-2006Malcolm in the Middle
74.7%
2006-2010Ugly Betty
73.8%
1996-2003Sabrina, the Teenage Witch
65.6%
1978-1982Mork & Mindy
60.5%
1989-1993Doogie Howser, M.D.
57%
1998-2006Will & Grace
53.2%
1988-1998Murphy Brown
53.2%
1997-2002Ally McBeal
52%
2001-2009According to Jim
50.6%
2006-2010New Adventures of Old Christine
49.9%
Years On Show % Correct
1984-1985, 1987-1990Charles in Charge
46.3%
1976-1983Laverne & Shirley
46.2%
1965-1970I Dream of Jeannie
45.8%
2005-2009My Name is Earl
44.5%
2004-2007Veronica Mars
40.8%
1972-1978Maude
40.4%
1984-1988Punky Brewster
39.9%
1957-1963Leave it to Beaver
39.5%
1999-2005Judging Amy
38.8%
1991-1995Blossom
34.9%
2006-2013Dexter
34.5%
1996-2000Suddenly Susan
27.6%
2007-2012Chuck
23.6%
1993-1998Grace Under Fire
23.1%
1984-1989Kate & Allie
22.6%
2003-2005Joan of Arcadia
22.2%

You're not logged in!

Compare scores with friends on all Sporcle quizzes.
OR
Log In

Sporcle TV

Today on Sporcle TV


Watch our educational content, quiz creation guides, and fun videos on Sporcle TV.

Show Comments

Extras

Top Quizzes Today


Score Distribution

Your Account Isn't Verified!

In order to create a playlist on Sporcle, you need to verify the email address you used during registration. Go to your Sporcle Settings to finish the process.

Report this User

Report this user for behavior that violates our Community Guidelines.

Details: